| 000 | 00392cam a2200145ua 4500 | ||
|---|---|---|---|
| 041 |
_aeng _h |
||
| 082 |
_a823.308 _bDUM/TH |
||
| 100 | _aDumas, Alexander . | ||
| 245 |
_aThree musketters :based on lestrous mosusqetaires / _cAlexander dumas. _hTextual Documents |
||
| 260 |
_aLondon : _bOrient-Longman Ltd , _c1963. |
||
| 300 | _a122 ; . | ||
| 504 | _a | ||
| 942 | _cBK | ||
| 999 |
_c3451 _d3451 |
||